书目信息 |
| 题名: |
明代雕漆图案选
|
|
| 作者: | ;梁德鍢 摹绘 ;故宫博物院陈列设计组 编 | |
| 分册: | ||
| 出版信息: | 北京 人民美术出版社 1984 |
|
| 页数: | 114页 | |
| 开本: | 28cm | |
| 丛书名: | ||
| 单 册: | ||
| 中图分类: | J527 , J326 | |
| 科图分类: | ||
| 主题词: | 漆器-图案--中国--明代 , 图案-漆器--中国--明代 , 雕塑--中国 , 雕塑--作品--中国 | |
| 电子资源: | ||
| ISBN: | ||
| 000 | 00861nam0 2200301 45 | |
| 001 | 0184012904 | |
| 005 | 20040521085738.4 | |
| 010 | @dCNY1.15 | |
| 091 | @a8027.8393 | |
| 100 | @a19950623d1984 em y0chiy0121 ea | |
| 101 | 0 | @achi |
| 102 | @aCN@b110000 | |
| 105 | @aa z 000yy | |
| 106 | @ar | |
| 200 | 10 | @a明代雕漆图案选@Aming dai diao qi tu an xuan@f故宫博物院陈列设计组编@g梁德鍢摹绘 |
| 210 | @a北京@c人民美术出版社@d1984 | |
| 215 | @a114页@d28cm | |
| 606 | @a漆器-图案@y中国@z明代 | |
| 606 | @a图案-漆器@y中国@z明代 | |
| 606 | 0 | @a雕塑@x中国 |
| 606 | 0 | @a雕塑@x作品@x中国 |
| 690 | @aJ527@v3 | |
| 690 | @aJ326 | |
| 702 | 0 | @a梁德鍢@Aliang de ying@4摹绘 |
| 711 | 02 | @a故宫博物院陈列设计组@Agu gong bo wu yuan chen lie sheji zu@4编 |
| 801 | 0 | @aCN@b上海图书馆@c20040521 |
| 801 | 2 | @aCN@bNLC@c20040521 |
| 905 | @f2@b111339-340@dJ326@e1 | |
| 明代雕漆图案选/故宫博物院陈列设计组编/梁德鍢摹绘.-北京:人民美术出版社,1984 |
| 114页;28cm |
| ISBN :CNY1.15 |
| ● |
| 相关链接 |
|
|
|
|
正题名:明代雕漆图案选
索取号:J326/1
 
预约/预借
| 序号 | 登录号 | 条形码 | 馆藏地/架位号 | 状态 | 备注 |
| 1 | 0111339 | 001207429 | 第一借阅区/ [索取号:J326/1] | 在馆 | |
| 2 | 0111340 | 001210781 | 第一借阅区/ [索取号:J326/1] | 在馆 | |
| 3 | 0111341 | 001207438 | 第一样本阅览室/ [索取号:J326/1] | 在馆 |